000 01296nam a2200253 u 4500
001 000002433
003 DO-SdBNP
005 20260305073949.0
008 090702s1986 dr r 001 0 spa d
040 _aDO-SdBNP
_bspa
_cBNPHU
082 _a324.27293
_bF745r
111 2 _aFORUM
_97702
245 1 3 _aEl régimen de partidos y el sistema electoral en la República Dominicana /
_ceditor Frank Moya Pons.
260 _aSanto Domingo :
_bFORUM,
_c1986.
300 _a174p ;
_c22cm.
490 1 _aFORUM
_v22
505 0 _tPresentación --
_tIntroducción /
_rAníbal de Castro --
_tLos partidos políticos en la República Dominicana /
_rVíctor Livio Cedeño --
_gDebate --
_tEl Partido Revolucionario y el Partido Reformista en la dinámica del cambio político dominicano /
_rJosé Oviedo --
_gDebate --
_tPartidos y electores: cambios y constantes entre dos elecciones nacionales /
_rJosé del Castillo --
_tReforma electoral e ingeniería política. Reflexiones en torno al caso dominicano.
_rJulio Brea Franco --
_gDebate.
650 4 _aPartidos politicos
_zRepública Dominicana
_xHistoria
_97703
650 4 _aElecciones
_zRepública Dominicana
_92992
700 1 _aMoya Pons, Frank,
_d1944-
_eed.
_92095
830 0 _aFORUM
_v22
_97431
910 _aValidado. Control de calidad EMS
942 _2ddc
_cLBS1
999 _c2269
_d2269